000 00590nam a2200205Ia 4500
003 GCL
008 140319s9999 xx 000 0 ara d
040 _aGCL /
_cGCL
082 0 4 _a811.094
_bز ف
100 1 _aزكية مال الله
245 1 0 _aفى عينيك يورق البنفسج /
_cزكية مال الله
260 _a[S.N] :
_bدائرة الاعلام ،
_c1990
300 _a104 ص
490 _a
650 0 4 _aالشعر العربى
650 0 4 _aالادب العربى
650 0 4 _aالعصر الحديث
650 0 4 _aالمجموعات
942 _2ddc
_cBK
999 _c56042
_d56042